[Event "V Weekend A Dicembrino"]
[Site "Vimercate ITA"]
[Date "2011.11.26"]
[Round "2"]
[White "Stella, Andrea"]
[Black "Guzzetti, Luigi Enrico"]
[WhiteElo "2448"]
[BlackElo "1928"]
[Result "1-0"]
[PlyCount "71"]
[EventDate "2011.11.25"]

1. d4 Nf6 2. Nf3 g6 3. g3 Bg7 4. Bg2 O-O 5. c4 d6 6. Nc3 Nbd7 7. O-O c6 8. e4
Qc7 9. h3 a6 10. a4 e5 11. Be3 exd4 12. Nxd4 Ne5 13. b3 c5 14. Nde2 Nc6 15. Rc1
Be6 16. Nd5 Bxd5 17. cxd5 Ne5 18. b4 c4 19. f4 Ned7 20. Nc3 Rac8 21. Re1 Qb8
22. a5 Ne8 23. Bf2 Nc7 24. Bd4 Rfe8 25. Bxg7 Kxg7 26. Qd4+ Kg8 27. e5 Nb5 28.
Nxb5 axb5 29. e6 Nf8 30. Qb6 Qc7 31. Qxb5 c3 32. Qb6 Qxb6+ 33. axb6 Rc4 34. Re3
Rxb4 35. Rcxc3 h5 36. exf7+ 1-0

[Event "V Weekend A Dicembrino"]
[Site "Vimercate ITA"]
[Date "2011.11.26"]
[Round "2"]
[White "Tahiraj, Almir"]
[Black "Calabrese, Maurizio"]
[WhiteElo "1799"]
[BlackElo "1531"]
[Result "1-0"]
[PlyCount "112"]
[EventDate "2011.11.25"]

1. d4 Nf6 2. Nf3 e6 3. c4 Bb4+ 4. Nc3 O-O 5. Qc2 c5 6. e3 Nc6 7. Bd3 d5 8. dxc5
Re8 9. cxd5 exd5 10. O-O Bxc5 11. a3 Bg4 12. Be2 Rc8 13. Rd1 Ne5 14. Nd4 Bxe2
15. Qxe2 Nc6 16. Nxc6 bxc6 17. b4 Bb6 18. Qd3 Ng4 19. Qf5 Qh4 20. h3 Nh6 21.
Qf3 Bc7 22. Ne2 Qf6 23. Qxf6 gxf6 24. Bb2 Be5 25. Nd4 c5 26. bxc5 Rxc5 27. Rab1
Kg7 28. Nf3 Nf5 29. Bd4 Ra5 30. Rb3 Rd8 31. Bxe5 fxe5 32. Nxe5 Rd6 33. Rbd3 Rc5
34. Nf3 Kf6 35. e4 dxe4 36. Rxd6+ Nxd6 37. Rxd6+ Ke7 38. Ra6 Rc1+ 39. Kh2 exf3
40. Rxa7+ Ke6 41. gxf3 Kf6 42. a4 Kg6 43. a5 h5 44. h4 Rc4 45. Kg3 f6 46. a6 f5
47. f4 Rc3+ 48. f3 Ra3 49. Ra8 Kg7 50. a7 Ra2 51. Kh3 Ra3 52. Kg2 Ra2+ 53. Kf1
Ra1+ 54. Ke2 Ra2+ 55. Ke3 Ra3+ 56. Kd4 Kf7 1-0

[Event "V Weekend A Dicembrino"]
[Site "Vimercate ITA"]
[Date "2011.11.26"]
[Round "2"]
[White "Tassini, Marco"]
[Black "Fornari, Sergio"]
[WhiteElo "1867"]
[BlackElo "1661"]
[Result "1-0"]
[PlyCount "101"]
[EventDate "2011.11.25"]

1. e4 g6 2. c4 Bg7 3. d4 d6 4. Nc3 Nd7 5. Nf3 e5 6. Be2 Ne7 7. O-O O-O 8. d5
Nc5 9. Ne1 f5 10. f3 f4 11. b4 Nd7 12. Nd3 Nf6 13. Bd2 g5 14. Qb3 Kh8 15. Rac1
h5 16. c5 g4 17. cxd6 cxd6 18. Be1 Ng6 19. Bf2 a6 20. b5 gxf3 21. Bxf3 Bg4 22.
bxa6 bxa6 23. Nb4 Qd7 24. Nc6 Bxf3 25. gxf3 Qh3 26. Qd1 Bh6 27. Rc2 Rg8 28. Kh1
Rg7 29. Rg1 Rag8 30. Be1 Nh4 31. Rxg7 Rxg7 32. Bxh4 Qxh4 33. Qf1 Nd7 34. Na4
Bg5 35. Rg2 Bf6 36. Rxg7 Bxg7 37. Qg1 Qh3 38. Qf2 Bf6 39. Kg1 Nf8 40. Nb6 Ng6
41. Qg2 Qxg2+ 42. Kxg2 Bh4 43. Nc8 Be1 44. Nxd6 Nh4+ 45. Kf1 Bc3 46. Nf7+ Kg8
47. Nfxe5 Kf8 48. Ke2 Ke8 49. Nd3 Ng6 50. e5 a5 51. e6 1-0

[Event "V Weekend A Dicembrino"]
[Site "Vimercate ITA"]
[Date "2011.11.26"]
[Round "3"]
[White "Altieri, Alberto"]
[Black "Panades, Ignazio"]
[WhiteElo "1573"]
[BlackElo "1737"]
[Result "0-1"]
[PlyCount "97"]
[EventDate "2011.11.25"]

1. e4 c5 2. Nf3 d6 3. Bc4 e6 4. Nc3 a6 5. d4 cxd4 6. Qxd4 Nc6 7. Qd1 b5 8. Bd3
Bb7 9. O-O Nf6 10. Bg5 Be7 11. Re1 O-O 12. e5 dxe5 13. Nxe5 Nd5 14. Bxe7 Ncxe7
15. Qh5 Nf6 16. Qh3 Ned5 17. Nxd5 Bxd5 18. Ng4 g6 19. Rad1 Nxg4 20. Qxg4 Qf6
21. b3 Rfc8 22. c4 h5 23. Qe2 bxc4 24. bxc4 Bc6 25. Be4 Qf4 26. Rc1 Bxe4 27.
Qxe4 Qxe4 28. Rxe4 Rc5 29. Kf1 Rac8 30. Ke2 Kf8 31. Kd3 Ke7 32. Re2 Kd6 33. Rb2
R8c7 34. Rb6+ R5c6 35. Rxc6+ Kxc6 36. Rb1 Kc5 37. Kc3 e5 38. a4 Rc6 39. a5 f5
40. Rd1 Rd6 41. Rxd6 Kxd6 42. Kb4 Kc6 43. c5 e4 44. Kc4 f4 45. Kd4 e3 46. fxe3
fxe3 47. Kxe3 Kxc5 48. Kf4 Kb5 49. Ke4 0-1

[Event "V Weekend A Dicembrino"]
[Site "Vimercate ITA"]
[Date "2011.11.26"]
[Round "3"]
[White "Attuati, Stefano"]
[Black "Stella, Andrea"]
[WhiteElo "2006"]
[BlackElo "2448"]
[Result "0-1"]
[PlyCount "70"]
[EventDate "2011.11.25"]

1. e4 c5 2. Nf3 d6 3. d4 cxd4 4. Nxd4 Nf6 5. Nc3 a6 6. Bc4 e6 7. Bb3 b5 8. O-O
Be7 9. f4 O-O 10. a3 Bb7 11. f5 e5 12. Nde2 Nbd7 13. Ng3 Rc8 14. Be3 Nb6 15.
Bxb6 Qxb6+ 16. Kh1 Qe3 17. Rf3 Qg5 18. Nd5 Bxd5 19. exd5 e4 20. Rf1 Rfe8 21. a4
Ng4 22. Qe1 Qh6 23. h3 Ne3 24. axb5 Nxf1 25. Qxf1 Qh4 26. bxa6 Qxg3 27. Ba4
Red8 28. Bc6 Bg5 29. a7 Bf4 30. Qg1 Be3 31. Qf1 Bf4 32. Qg1 e3 33. a8=Q Rxa8
34. Bxa8 e2 35. Bc6 Bd2 0-1

[Event "V Weekend A Dicembrino"]
[Site "Vimercate ITA"]
[Date "2011.11.26"]
[Round "3"]
[White "Biava, Pierluigi"]
[Black "Motola, Jacopo"]
[WhiteElo "1668"]
[BlackElo "1903"]
[Result "0-1"]
[PlyCount "62"]
[EventDate "2011.11.25"]

1. d4 d5 2. Nf3 e6 3. g3 c5 4. c3 Nc6 5. Bg2 Nf6 6. O-O Bd6 7. Na3 a6 8. Be3
cxd4 9. Nxd4 e5 10. Nxc6 bxc6 11. Nc2 O-O 12. f3 Bf5 13. g4 Bg6 14. h4 h6 15.
Bf2 e4 16. Nd4 c5 17. Nf5 Bxf5 18. gxf5 Re8 19. e3 exf3 20. Bxf3 Ne4 21. Be1
Ng3 22. Qxd5 Qb6 23. Bxg3 Bxg3 24. Bh5 Qf6 25. Kg2 Bxh4 26. Kh1 Rad8 27. Qf3
Rd2 28. Rad1 Rxb2 29. Rd7 Rxe3 30. Qa8+ Kh7 31. Bxf7 Rh3+ 0-1

[Event "V Weekend A Dicembrino"]
[Site "Vimercate ITA"]
[Date "2011.11.26"]
[Round "3"]
[White "Bonassi, Tommaso"]
[Black "Gonella, Daniele"]
[WhiteElo "1843"]
[BlackElo "2103"]
[Result "1-0"]
[PlyCount "65"]
[EventDate "2011.11.25"]

1. e4 e5 2. Nf3 Nc6 3. Bc4 Bc5 4. c3 Qe7 5. d3 d6 6. O-O Bg4 7. h3 Bh5 8. Nbd2
Nf6 9. Re1 Bb6 10. Nf1 O-O-O 11. b4 h6 12. Be3 g5 13. Bxb6 axb6 14. Ng3 Bg6 15.
a4 h5 16. a5 h4 17. Nf5 Bxf5 18. exf5 d5 19. Bb5 g4 20. hxg4 Nxg4 21. a6 h3 22.
gxh3 Rxh3 23. axb7+ Kxb7 24. Bxc6+ Kxc6 25. Nd4+ Kb7 26. Ra7+ Kc8 27. Ra8+ Kb7
28. Ra7+ Kc8 29. Qxg4 Rh4 30. Qg3 Qf6 31. Ra8+ Kb7 32. Rxd8 exd4 33. Rd7 1-0

[Event "V Weekend A Dicembrino"]
[Site "Vimercate ITA"]
[Date "2011.11.26"]
[Round "3"]
[White "Bosi, Gianfranco"]
[Black "Mondal, Prince"]
[WhiteElo "1499"]
[BlackElo "1786"]
[Result "1-0"]
[PlyCount "57"]
[EventDate "2011.11.25"]

1. e4 c5 2. Nf3 e6 3. d4 cxd4 4. Nxd4 a6 5. Bd3 Qc7 6. O-O Nf6 7. h3 d6 8. Be3
Nbd7 9. Nd2 b5 10. Rc1 Nc5 11. Qe2 Bb7 12. Bg5 Be7 13. N4b3 O-O 14. Nxc5 Qxc5
15. Be3 Qc7 16. f4 Rfd8 17. Bd4 e5 18. Be3 d5 19. exd5 Nxd5 20. Kh1 Nxe3 21.
Qxe3 exf4 22. Qxf4 Qxf4 23. Rxf4 Bg5 24. Rf2 Rac8 25. Rcf1 Rxc2 26. Bxc2 Rxd2
27. Rxd2 Bxd2 28. Bb3 g6 29. Rxf7 1-0

[Event "V Weekend A Dicembrino"]
[Site "Vimercate ITA"]
[Date "2011.11.26"]
[Round "3"]
[White "Brociner, Beniamino"]
[Black "Calvi, Luca"]
[WhiteElo "1941"]
[BlackElo "1723"]
[Result "1-0"]
[PlyCount "87"]
[EventDate "2011.11.25"]

1. e4 e6 2. d4 d5 3. Nc3 Bb4 4. Qg4 Bxc3+ 5. bxc3 Ne7 6. Qxg7 Rg8 7. Qxh7 c5 8.
Nf3 Nbc6 9. e5 Qc7 10. Bd2 Bd7 11. Qd3 c4 12. Qe2 O-O-O 13. h4 Nf5 14. Bg5 Rdf8
15. Bf6 Ng7 16. Ng5 Ne8 17. Nh7 Nxf6 18. Nxf8 Rxf8 19. exf6 e5 20. Qd2 exd4 21.
cxd4 Qd6 22. c3 Qxf6 23. O-O-O Na5 24. g3 Qa6 25. Qb2 f5 26. Bg2 Rf6 27. Kd2
Qd6 28. Qb4 Qxb4 29. cxb4 Nc6 30. Bxd5 Nxd4 31. Bxc4 Bc6 32. Kc3 Bxh1 33. Rxh1
Nf3 34. Bd5 Ne5 35. Re1 Ng4 36. Re6 Rf8 37. f3 Nf6 38. Bb3 Nh5 39. Rg6 f4 40.
g4 Ng3 41. Rg8 Rxg8 42. Bxg8 Ne2+ 43. Kc4 Ng1 44. Bd5 1-0

[Event "V Weekend A Dicembrino"]
[Site "Vimercate ITA"]
[Date "2011.11.26"]
[Round "3"]
[White "Calabrese, Maurizio"]
[Black "Corso, Gabriele"]
[WhiteElo "1531"]
[BlackElo "1694"]
[Result "0-1"]
[PlyCount "28"]
[EventDate "2011.11.25"]

1. d4 d5 2. c4 c6 3. Nc3 Nf6 4. e3 Bf5 5. Qb3 Qb6 6. Qxb6 axb6 7. cxd5 cxd5 8.
Nb5 Na6 9. Be2 e6 10. a3 Be7 11. Nf3 O-O 12. Bd2 Nb4 13. O-O Nd3 14. Bxd3 Bxd3
0-1

[Event "V Weekend A Dicembrino"]
[Site "Vimercate ITA"]
[Date "2011.11.26"]
[Round "3"]
[White "Carbone, Lorenzo"]
[Black "Galli, Giuliano"]
[WhiteElo "1736"]
[BlackElo "1616"]
[Result "1-0"]
[PlyCount "76"]
[EventDate "2011.11.25"]

1. e4 c5 2. Nf3 d6 3. d4 cxd4 4. Nxd4 Nf6 5. Nc3 a6 6. Be2 g6 7. Be3 Bg7 8. Qd2
O-O 9. h3 Nbd7 10. Nb3 Qc7 11. f4 Nb6 12. Na5 Nfd7 13. O-O Bxc3 14. bxc3 Nc5
15. Bf3 Bd7 16. Rab1 Bb5 17. Rfd1 Nc4 18. Nxc4 Bxc4 19. Rb2 Bb5 20. f5 Bc6 21.
Qd4 gxf5 22. exf5 Bxf3 23. gxf3 f6 24. Qd5+ Kh8 25. Rb4 Rg8+ 26. Rg4 Nd7 27.
Bd4 Rxg4+ 28. fxg4 Kg7 29. Qe4 Nc5 30. Qf3 Qc6 31. Qe3 Qc7 32. Re1 Re8 33. g5
Nd7 34. gxf6+ Nxf6 35. Re2 Kf7 36. Qe6+ Kg7 37. Rg2+ Kh6 38. Bxf6 Qb6+ 1-0

[Event "V Weekend A Dicembrino"]
[Site "Vimercate ITA"]
[Date "2011.11.26"]
[Round "3"]
[White "Ceka, Shpetim"]
[Black "Brambilla, Luca Massimo"]
[WhiteElo "1857"]
[BlackElo "1621"]
[Result "1-0"]
[PlyCount "89"]
[EventDate "2011.11.25"]

1. e4 e5 2. Nf3 Nc6 3. Bc4 Bc5 4. c3 Nf6 5. d4 exd4 6. e5 Qe7 7. cxd4 Bb4+ 8.
Nc3 d6 9. O-O dxe5 10. dxe5 Bxc3 11. bxc3 Ne4 12. Qb3 O-O 13. Ba3 Nc5 14. Qb5
Nxe5 15. Nxe5 Qxe5 16. Qxc5 Qxc5 17. Bxc5 Re8 18. Rfe1 Bf5 19. Re7 Rxe7 20.
Bxe7 Re8 21. Ba3 a6 22. h3 c6 23. Rd1 b5 24. Bf1 h6 25. Bc5 Re5 26. Be3 Be6 27.
Rd8+ Kh7 28. Bd3+ Bf5 29. Bxf5+ Rxf5 30. Rd6 Rf6 31. Rxf6 gxf6 32. Kf1 Kg6 33.
Ke2 h5 34. Kd3 Kf5 35. Kd4 Ke6 36. Kc5 Kd7 37. Kb6 Kd6 38. Kxa6 Kd5 39. Bd4 f5
40. Kb6 b4 41. Bf6 c5 42. cxb4 cxb4 43. Kb5 Ke4 44. Kxb4 Kd3 45. a4 1-0

[Event "V Weekend A Dicembrino"]
[Site "Vimercate ITA"]
[Date "2011.11.26"]
[Round "3"]
[White "Colombo, Luca"]
[Black "Ferrari, Paolo"]
[WhiteElo "1884"]
[BlackElo "1711"]
[Result "1/2-1/2"]
[PlyCount "110"]
[EventDate "2011.11.25"]

1. e4 c5 2. Nc3 Nc6 3. g3 Nf6 4. Bg2 e6 5. d3 d5 6. exd5 exd5 7. Qe2+ Be7 8.
Bg5 O-O 9. Qd1 Re8 10. Nge2 h6 11. Bd2 d4 12. Ne4 Bf5 13. Nxf6+ Bxf6 14. O-O
Qd7 15. Nf4 Rac8 16. h3 b5 17. g4 Bh7 18. Nh5 Qe7 19. Re1 Qd6 20. f4 Rxe1+ 21.
Qxe1 g6 22. Ng3 Ne7 23. Ne4 Qe6 24. Qf2 Nd5 25. Nxf6+ Nxf6 26. b3 Qd7 27. Re1
c4 28. Bb4 Re8 29. Rxe8+ Nxe8 30. Bc5 cxd3 31. cxd3 a5 32. Qxd4 Qe6 33. Qe3 Qd7
34. d4 Nc7 35. d5 Nxd5 36. Bxd5 Qxd5 37. Qe8+ Kg7 38. Bf8+ Kh8 39. Bxh6+ Bg8
40. Qe5+ Qxe5 41. fxe5 a4 42. bxa4 bxa4 43. Bg5 f5 44. Bf6+ Kh7 45. a3 fxg4 46.
hxg4 Be6 47. g5 Kg8 48. Kf2 Kf7 49. Ke3 Bf5 50. Kd4 Ke6 51. Kc3 Kd5 52. Kb4 Bc2
53. Kb5 Ke6 54. Kc6 Bf5 55. Kc5 Bc2 1/2-1/2

[Event "V Weekend A Dicembrino"]
[Site "Vimercate ITA"]
[Date "2011.11.26"]
[Round "3"]
[White "Damia, Angelo"]
[Black "Miracola, Massimiliano"]
[WhiteElo "2300"]
[BlackElo "2007"]
[Result "1-0"]
[PlyCount "33"]
[EventDate "2011.11.25"]

1. d4 d5 2. c4 e6 3. Nc3 c6 4. e4 dxe4 5. Nxe4 Bb4+ 6. Bd2 Qxd4 7. Bxb4 Qxe4+
8. Be2 Na6 9. Bd6 Nf6 10. Nf3 b6 11. O-O Nd7 12. h3 Qg6 13. Nd4 e5 14. Nxc6 Bb7
15. Bf3 Bxc6 16. Bxc6 O-O-O 17. Qd5 1-0

[Event "V Weekend A Dicembrino"]
[Site "Vimercate ITA"]
[Date "2011.11.26"]
[Round "3"]
[White "Falchi, Claudio"]
[Black "Calandriello, Michele"]
[WhiteElo "1784"]
[BlackElo "1614"]
[Result "1-0"]
[PlyCount "119"]
[EventDate "2011.11.25"]

1. e4 Nf6 2. e5 Nd5 3. d4 d6 4. c4 Nb6 5. exd6 exd6 6. Nf3 Be7 7. Bd3 Nc6 8.
Nc3 Bg4 9. Be3 Bf6 10. O-O O-O 11. Bc2 Nxc4 12. Qd3 g6 13. Qxc4 Bxf3 14. gxf3
Qd7 15. Ne4 Bh4 16. Ng3 d5 17. Qc3 f5 18. Bh6 Rf7 19. f4 Bf6 20. Ne2 Re7 21.
Bd3 a6 22. Bg5 Kg7 23. Bxf6+ Kxf6 24. Rfe1 Rae8 25. Ng3 Kf7 26. Rxe7+ Rxe7 27.
Rc1 Re6 28. Nxf5 gxf5 29. Bxf5 Qd6 30. Bxe6+ Qxe6 31. Rf1 Qg4+ 32. Kh1 h5 33.
Qe3 Kf6 34. Rg1 Qd7 35. Qg3 Qh7 36. Qg5+ Ke6 37. Re1+ Kf7 38. Qxd5+ Kf8 39. Qe6
Ne7 40. Qxe7+ Qxe7 41. Rxe7 Kxe7 42. Kg2 Kf6 43. Kf3 Kf5 44. h3 h4 45. Ke3 c6
46. b4 b6 47. Kf3 a5 48. bxa5 bxa5 49. a4 Ke6 50. Ke4 Kf6 51. f3 Ke6 52. f5+
Kf6 53. Kf4 Kf7 54. Ke5 Ke7 55. f6+ Kf7 56. Kf5 Kf8 57. Ke6 Ke8 58. f7+ Kf8 59.
Kf6 c5 60. d5 1-0

[Event "V Weekend A Dicembrino"]
[Site "Vimercate ITA"]
[Date "2011.11.26"]
[Round "3"]
[White "Fornari, Sergio"]
[Black "Gianini, Gianluca"]
[WhiteElo "1661"]
[BlackElo "1484"]
[Result "0-1"]
[PlyCount "130"]
[EventDate "2011.11.25"]

1. d4 d5 2. Nf3 Nf6 3. Nbd2 e6 4. e3 Be7 5. Bd3 Bd7 6. O-O Nc6 7. c3 h6 8. Re1
Nh7 9. b4 a6 10. a3 Ng5 11. Bb2 Nxf3+ 12. Qxf3 O-O 13. e4 Bg5 14. Bc1 Qf6 15.
Qxf6 Bxf6 16. e5 Be7 17. Nf1 f6 18. f4 fxe5 19. fxe5 Bh4 20. g3 Be7 21. Bd2 Na7
22. c4 c6 23. h4 b5 24. c5 Nc8 25. Ne3 Rf3 26. Kg2 Rf8 27. Rf1 Rxf1 28. Rxf1
Bf8 29. Kh2 Ne7 30. g4 g6 31. Ng2 Bg7 32. Kg1 Rf8 33. Rxf8+ Kxf8 34. Nf4 Kf7
35. Ne2 Kf8 36. Nc3 Kf7 37. a4 Kf8 38. Kg2 Kf7 39. a5 Kf8 40. Ne2 Kf7 41. Nf4
Bf8 42. Kg3 Bg7 43. Nh3 Bf8 44. h5 g5 45. Bxg5 hxg5 46. Nxg5+ Kg7 47. Nh3 Be8
48. Nf4 Bf7 49. Kh4 Kh8 50. Kg5 Ng8 51. Bg6 Bh6+ 52. Kh4 Bxf4 53. Bxf7 Ne7 54.
Bxe6 Be3 55. Kg3 Bxd4 56. Kf4 Bc3 57. g5 d4 58. Ke4 Bxb4 59. h6 Bxc5 60. Bf5
Nxf5 61. Kxf5 Bf8 62. Kf6 Kg8 63. e6 d3 64. e7 Bxe7+ 65. Kxe7 d2 0-1

[Event "V Weekend A Dicembrino"]
[Site "Vimercate ITA"]
[Date "2011.11.26"]
[Round "3"]
[White "Guzzetti, Luigi Enrico"]
[Black "Coppola, Federico"]
[WhiteElo "1928"]
[BlackElo "1858"]
[Result "1-0"]
[PlyCount "75"]
[EventDate "2011.11.25"]

1. e4 c5 2. Nf3 d6 3. d4 cxd4 4. Nxd4 Nf6 5. Nc3 g6 6. Be2 Bg7 7. Be3 Nc6 8.
O-O O-O 9. Qd2 Bd7 10. f3 Rc8 11. a4 Ne5 12. Nb3 Nc4 13. Bxc4 Rxc4 14. Bxa7 b6
15. a5 b5 16. Bb6 Qb8 17. Ne2 Rfc8 18. c3 Be6 19. Nbd4 Nd7 20. b3 Nxb6 21. bxc4
Nxc4 22. Qd3 Bd7 23. Kh1 Nb2 24. Qb1 Na4 25. Rc1 Nxc3 26. Nxc3 Bxd4 27. Qd3 Bg7
28. Nd5 Kf8 29. Nb6 Rxc1+ 30. Rxc1 Ke8 31. Rb1 h5 32. Nxd7 Kxd7 33. Qxb5+ Qxb5
34. Rxb5 Kc6 35. Rb4 Bh6 36. a6 Be3 37. Rb7 Bg5 38. Rb3 1-0

[Event "V Weekend A Dicembrino"]
[Site "Vimercate ITA"]
[Date "2011.11.26"]
[Round "3"]
[White "Lancianese, Giuseppe"]
[Black "Pecorario, Stefano"]
[WhiteElo "1717"]
[BlackElo "1533"]
[Result "0-1"]
[PlyCount "66"]
[EventDate "2011.11.25"]

1. d4 Nf6 2. Nf3 b6 3. Bf4 Bb7 4. e3 e6 5. Bd3 c5 6. O-O Nc6 7. c3 d5 8. Nbd2
c4 9. Bc2 Bd6 10. Qe2 Bxf4 11. exf4 O-O 12. Ne5 b5 13. Ndf3 a5 14. Nxc6 Bxc6
15. Ne5 Bd7 16. Qf3 g6 17. g4 Ne8 18. Qg3 f6 19. Nf3 Ng7 20. Qh3 Qc7 21. Qh6 e5
22. fxe5 Bxg4 23. Nh4 fxe5 24. Nxg6 Rf6 25. Qg5 Raa6 26. Nxe5 Bf5 27. Qd2 Nh5
28. Kh1 Bxc2 29. Qxc2 Nf4 30. Rg1+ Kh8 31. Rg3 Rh6 32. Rag1 Rxh2+ 33. Kxh2 Rh6+
0-1

[Event "V Weekend A Dicembrino"]
[Site "Vimercate ITA"]
[Date "2011.11.26"]
[Round "3"]
[White "Lapiccirella, Daniele"]
[Black "Marholev, Dimitar"]
[WhiteElo "2234"]
[BlackElo "2372"]
[Result "1/2-1/2"]
[PlyCount "57"]
[EventDate "2011.11.25"]

1. d4 Nf6 2. c4 g6 3. Nc3 Bg7 4. e4 d6 5. f3 O-O 6. Be3 Nbd7 7. Nh3 c5 8. d5 a6
9. Nf2 Ne5 10. Be2 b5 11. cxb5 axb5 12. Bxb5 Ba6 13. Bxa6 Rxa6 14. Qe2 Qa5 15.
O-O Rb8 16. a3 Ne8 17. f4 Nd7 18. e5 dxe5 19. Nd3 e4 20. Nxe4 Raa8 21. Rac1 Qa6
22. Qd2 Qb7 23. Nc3 Rc8 24. Qf2 Nef6 25. h3 Nxd5 26. Nxc5 Nxc5 27. Bxc5 Nxc3
28. bxc3 e6 29. Bb4 1/2-1/2

[Event "V Weekend A Dicembrino"]
[Site "Vimercate ITA"]
[Date "2011.11.26"]
[Round "3"]
[White "Maccarini, Luca Nicola"]
[Black "Fusari, Paolo"]
[WhiteElo "1915"]
[BlackElo "1897"]
[Result "0-1"]
[PlyCount "64"]
[EventDate "2011.11.25"]

1. d4 c5 2. d5 f5 3. Nc3 Nf6 4. Bg5 g6 5. Bxf6 exf6 6. e4 fxe4 7. Nxe4 f5 8.
Nc3 Bg7 9. Nf3 O-O 10. d6 Re8+ 11. Be2 Qa5 12. O-O Nc6 13. Re1 Kh8 14. Ng5 h6
15. Nf7+ Kh7 16. Bc4 Rxe1+ 17. Qxe1 Qb4 18. Bb3 c4 19. a3 Qc5 20. Ba2 b5 21.
Rd1 a6 22. Kh1 Bb7 23. f4 Bd4 24. Qh4 Bg7 25. Nd5 Nd4 26. Nf6+ Bxf6 27. Qxh6+
Kg8 28. Qxg6+ Kf8 29. Qxf6 Bxg2+ 30. Kxg2 Qd5+ 31. Kh3 Qf3+ 32. Kh4 Qg4# 0-1

[Event "V Weekend A Dicembrino"]
[Site "Vimercate ITA"]
[Date "2011.11.26"]
[Round "3"]
[White "Mandaglio, Luca"]
[Black "Ruggeri, Igor"]
[WhiteElo "1769"]
[BlackElo "1534"]
[Result "1-0"]
[PlyCount "31"]
[EventDate "2011.11.25"]

1. d4 d5 2. c4 e6 3. cxd5 exd5 4. Nc3 g6 5. Bf4 Bg7 6. e3 Nf6 7. Nb5 Na6 8. Rc1
c6 9. Nd6+ Ke7 10. Bxa6 Qa5+ 11. Qd2 Qxa6 12. Qb4 Kd7 13. Nxf7 Bf8 14. Bd6 Ne4
15. Bxf8 Qd3 16. Qe7# 1-0

[Event "V Weekend A Dicembrino"]
[Site "Vimercate ITA"]
[Date "2011.11.26"]
[Round "3"]
[White "Marzo, Matteo"]
[Black "Lipari, Alberto"]
[WhiteElo "1603"]
[BlackElo "1652"]
[Result "1-0"]
[PlyCount "103"]
[EventDate "2011.11.25"]

1. e4 g6 2. d4 Bg7 3. Nf3 Nf6 4. Bd3 d6 5. h3 O-O 6. c4 c5 7. d5 e6 8. O-O exd5
9. exd5 Re8 10. Nc3 a6 11. a4 Nbd7 12. Bd2 Ne5 13. Nxe5 dxe5 14. Re1 Re7 15.
Bg5 h6 16. Be3 b6 17. Ne4 Nxe4 18. Bxe4 f5 19. d6 Rd7 20. Bxa8 Rxd6 21. Bd5+
Kh7 22. Qc2 f4 23. Bc1 b5 24. axb5 axb5 25. b3 e4 26. Rb1 bxc4 27. bxc4 f3 28.
Bxe4 fxg2 29. Kxg2 Qh4 30. Rh1 Rd4 31. Bxg6+ Kh8 32. Qe2 Rd8 33. Qe4 Qf6 34.
Bb2 Qg5+ 35. Kh2 Rf8 36. Bxg7+ Kxg7 37. Qe3 Qxe3 38. fxe3 Kxg6 39. Rhg1+ Kh7
40. Rb8 Rd8 41. e4 Rd2+ 42. Rg2 Rd8 43. e5 Re8 44. e6 Bd7 45. Rxe8 Bxe8 46. e7
h5 47. Kg1 Bf7 48. Kf2 h4 49. Ke3 Be8 50. Kf4 Kh6 51. Ke5 Kh7 52. Kd6 1-0

[Event "V Weekend A Dicembrino"]
[Site "Vimercate ITA"]
[Date "2011.11.26"]
[Round "3"]
[White "Miracola, Giorgia"]
[Black "Ciochetta, Giovanni"]
[WhiteElo "1763"]
[BlackElo "1584"]
[Result "1-0"]
[PlyCount "65"]
[EventDate "2011.11.25"]

1. e4 e5 2. Nf3 Nc6 3. Bc4 Nf6 4. d3 Be7 5. O-O O-O 6. Re1 d6 7. c3 Be6 8. Bb3
Qd7 9. Nbd2 b5 10. Nf1 a5 11. Ng3 a4 12. Bc2 Bg4 13. h3 Be6 14. d4 exd4 15.
cxd4 d5 16. e5 Ne8 17. a3 f6 18. Qd3 g6 19. Qxb5 fxe5 20. Nxe5 Nxe5 21. Qxd7
Bxd7 22. Rxe5 Bd6 23. Rxd5 c6 24. Rg5 Ng7 25. Bd2 Ne6 26. Ra5 Rxa5 27. Bxa5
Nxd4 28. Bxa4 Bxg3 29. fxg3 Ne2+ 30. Kh2 Rf5 31. Bb3+ Kg7 32. Bc7 Rb5 33. Bc4
1-0

[Event "V Weekend A Dicembrino"]
[Site "Vimercate ITA"]
[Date "2011.11.26"]
[Round "3"]
[White "Moroni, Luca jr"]
[Black "Danin, Alexandre"]
[WhiteElo "2030"]
[BlackElo "2537"]
[Result "0-1"]
[PlyCount "94"]
[EventDate "2011.11.25"]

1. e4 c5 2. Nf3 d6 3. d4 Nf6 4. Nc3 cxd4 5. Nxd4 a6 6. Be2 Nbd7 7. f4 g6 8. Be3
Bg7 9. Bf3 O-O 10. Qe2 e5 11. Nb3 d5 12. fxe5 dxe4 13. Nxe4 Nxe5 14. Bg5 Qb6
15. Nxf6+ Bxf6 16. Bxf6 Qxf6 17. O-O-O Nxf3 18. Qxf3 Qxf3 19. gxf3 Bh3 20. Rhe1
Rfc8 21. Nd4 Rc5 22. Re7 Rb8 23. Rde1 Kf8 24. R7e4 Rh5 25. Re5 Rh6 26. R1e2 Rc8
27. c3 Bd7 28. Kc2 Rh3 29. b3 Bc6 30. Nxc6 Rxc6 31. R5e3 Rf6 32. Rf2 Rf4 33.
Kd3 g5 34. c4 Rfh4 35. Ree2 g4 36. Ke3 Rh6 37. Rd2 Rf6 38. Rd7 Rfxf3+ 39. Rxf3
Rxf3+ 40. Ke2 Rh3 41. Kf2 Rxh2+ 42. Kg3 Rxa2 43. Kxg4 b6 44. Rb7 Rg2+ 45. Kf4
Rg6 46. Ke4 a5 47. Rd7 Rg3 0-1

[Event "V Weekend A Dicembrino"]
[Site "Vimercate ITA"]
[Date "2011.11.26"]
[Round "3"]
[White "Orsucci, Marzio"]
[Black "Riboldi, Raffaele"]
[WhiteElo "1666"]
[BlackElo "1887"]
[Result "0-1"]
[PlyCount "52"]
[EventDate "2011.11.25"]

1. e4 e6 2. d4 d5 3. e5 c5 4. c3 Qb6 5. Nf3 Bd7 6. Qb3 Nc6 7. Qxb6 axb6 8. Bb5
Nxe5 9. Bxd7+ Nxd7 10. Bg5 Ngf6 11. Na3 Ra5 12. O-O cxd4 13. cxd4 Ne4 14. Bd2
Nxd2 15. Nxd2 Bxa3 16. bxa3 Rxa3 17. Rfc1 Ke7 18. Rc7 Kd6 19. Rc2 Rha8 20. Nb1
Rd3 21. Nc3 Ra5 22. a4 Ke7 23. Kf1 Rxd4 24. Ke2 Nc5 25. Rca2 Rc4 26. Kd2 Nb3+
0-1

[Event "V Weekend A Dicembrino"]
[Site "Vimercate ITA"]
[Date "2011.11.26"]
[Round "3"]
[White "Oteri, Aldo"]
[Black "Corno, Sergio"]
[WhiteElo "1781"]
[BlackElo "1965"]
[Result "0-1"]
[PlyCount "25"]
[EventDate "2011.11.25"]

1. e4 c5 2. Nf3 d6 3. d4 cxd4 4. Nxd4 Nf6 5. Nc3 g6 6. Be3 a6 7. f3 Nbd7 8. Qd2
b5 9. g4 Ne5 10. g5 Nfd7 11. Nd5 Bb7 12. Nxb5 axb5 13. Bxb5 0-1

[Event "V Weekend A Dicembrino"]
[Site "Vimercate ITA"]
[Date "2011.11.26"]
[Round "3"]
[White "Petrone, Gianmario"]
[Black "Grassi, Andrea"]
[WhiteElo "1937"]
[BlackElo "1670"]
[Result "1-0"]
[PlyCount "51"]
[EventDate "2011.11.25"]

1. e4 c5 2. Nf3 d6 3. d4 cxd4 4. Nxd4 Nc6 5. Nc3 e6 6. Be3 Bd7 7. Be2 Nf6 8.
O-O Be7 9. Kh1 O-O 10. f4 Nxd4 11. Bxd4 Bc6 12. Bf3 Nd7 13. Qe2 b6 14. Rad1 Qc7
15. Nd5 Bxd5 16. exd5 e5 17. fxe5 Rac8 18. e6 Ne5 19. Bxe5 dxe5 20. Bg4 f6 21.
Qd3 Qxc2 22. Qxc2 Rxc2 23. d6 Bxd6 24. Rxd6 Re8 25. Bd1 Rc1 26. e7 1-0

[Event "V Weekend A Dicembrino"]
[Site "Vimercate ITA"]
[Date "2011.11.26"]
[Round "3"]
[White "Ranfagni, Stefano"]
[Black "Pace, Pietro Dario"]
[WhiteElo "1998"]
[BlackElo "2280"]
[Result "0-1"]
[PlyCount "60"]
[EventDate "2011.11.25"]

1. e4 c5 2. Nc3 Nc6 3. g3 g6 4. Bg2 Bg7 5. d3 d6 6. Be3 e6 7. Qd2 Nd4 8. Nd1 h6
9. c3 Nc6 10. f4 Nge7 11. Nf3 O-O 12. O-O Kh7 13. Nf2 b6 14. g4 d5 15. Qc2 d4
16. Bd2 dxc3 17. Bxc3 Nd4 18. Nxd4 cxd4 19. Bb4 a5 20. e5 Ra7 21. Bd6 f5 22.
Qc4 Rg8 23. h3 g5 24. Qxd4 gxf4 25. Qxf4 Ng6 26. Qh2 Rd7 27. Rac1 Rxd6 28. exd6
Be5 29. Qh1 Nf4 30. Rc7+ Qxc7 0-1